Title in the Lyrics (Eurovision Winners #2) - Statistics

General Stats
  • This quiz has been taken 10 times
  • The average score is 13 of 20
Answer Stats
Lyric Title % Correct
We are the ______ of our time Heroes
100%
You are the one, you're __ ______ ___ My Number One
100%
_______, kao žar na mojim usnama je Molitva
89%
How many times can we break the rules? Between us - ____ _________ Only Teardrops
89%
You're stuck on me like a ______ Tattoo
89%
O meu coração pode ____ _____ ____ Amar Pelos Dois
78%
___ __ ___ _____ __ ____, fly, baby, fly Fly on the Wings of Love
78%
We were the ____ '_' ____ ____ Rock 'n' Roll Kids
78%
Vi conviene stare _____ _ _____ Zitti E Buoni
78%
_ _____ be the sunshine in your arms I Wanna
67%
____'_ _______ ____ for someone who's lost everything that he owns? What's Another Year
67%
Og natten vil våke for den ________ Nocturne
56%
___ __ _'___ per amarti Non Ho L'età
56%
___ _____ __ __________ remind me of you All Kinds of Everything
44%
_'____ __ ___ (Même si c'est une folie) J'aime La Vie
44%
_____ ______, sei nicht traurig, muß ich auch von dir geh'n Merci Chérie
44%
Will you promise that you'll ____ ____ ______ ___ __ Save Your Kisses For Me
33%
____ __ __ ____ ______, hold on to a dream Take Me To Your Heaven
33%
__ _______ _____, on le cherche toujours Un Premier Amour
33%
_____ ___, j'aurai les yeux humides Après Toi
22%
No matching quizzes found
Score Distribution
Percent of People with Each Score
Percentile by Number Answered
Your Score History
You have not taken this quiz